000
00323nam a2200133Ia 4500
008
231207s9999 xx 000 0 und d
041
_a
eng
100
_a
Sudaha Murthy
245
_a
Mahashweta
250
_a
2007 Ed.
260
_b
Penguin books ltd.New Delhi
300
_a
PB/153/
650
_a
Comnputer Program Language
999
_c
952218
_d
952218